A basic dictionary of synonyms and antonyms / (Record no. 133999)

MARC details
000 -LEADER
fixed length control field 00718nam a22002297a 4500
005 - DATE AND TIME OF LATEST TRANSACTION
control field 20170124110218.0
010 ## - LIBRARY OF CONGRESS CONTROL NUMBER
LC control number A-148128
020 ## - INTERNATIONAL STANDARD BOOK NUMBER
Terms of availability 45.00
035 ## - SYSTEM CONTROL NUMBER
System control number A-148128
037 ## - SOURCE OF ACQUISITION
Source of stock number/acquisition Cen Lib/Ret
040 ## - CATALOGING SOURCE
Original cataloging agency DPL
Language of cataloging EN
082 ## - DEWEY DECIMAL CLASSIFICATION NUMBER
Classification number 484
Item number URD
100 ## - MAIN ENTRY--PERSONAL NAME
Personal name Urdang, Laurence
9 (RLIN) 39497
245 ## - TITLE STATEMENT
Title A basic dictionary of synonyms and antonyms /
Statement of responsibility, etc by Laurence Urdang
246 ## - VARYING FORM OF TITLE
Remainder of title
260 ## - PUBLICATION, DISTRIBUTION, ETC. (IMPRINT)
Name of publisher, distributor, etc Vision Books
Place of publication, distribution, etc Delhi
Date of publication, distribution, etc 1983
270 ## - ADDRESS
City Delhi
Postal code 110006
Address Madarsa Road, Kashmere Gate
300 ## - PHYSICAL DESCRIPTION
Extent 397p.
Dimensions 18cm(Hb)
650 ## - SUBJECT ADDED ENTRY--TOPICAL TERM
Topical term or geographic name as entry element English language -- Synonyms and antonyms -- Juvenile literature
9 (RLIN) 39498
650 ## - SUBJECT ADDED ENTRY--TOPICAL TERM
Topical term or geographic name as entry element English language -- Synonyms and antonyms
9 (RLIN) 22546
942 ## - ADDED ENTRY ELEMENTS (KOHA)
Source of classification or shelving scheme Dewey Decimal Classification
Koha item type English Books
Classification part 484
Call number suffix URD
Holdings
Withdrawn status Lost status Damaged status Not for loan Collection code Home library Current library Date acquired Source of acquisition Cost, normal purchase price Total Checkouts Full call number Barcode Date last seen Copy number Cost, replacement price Price effective from Koha item type
      Not For Loan Reference Central Library Central Library 28/07/2015 Cen Lib/Ret 45.00   484 URD A-148128 28/07/2015 1 45.00 28/07/2015 English Books

© Delhi Public Library
Hit Counter
free hit counter